Pokémon with 4x weakness to Freeze-Dry - Statistics

General Stats
  • This quiz has been taken 10 times
  • The average score is 43 of 59
Answer Stats
Hint Answer % Correct
III Altaria
100%
III Flygon
100%
III Tropius
100%
VII Dartrix
86%
I Dragonite
86%
V Ducklett
86%
IV Gabite
86%
IV Garchomp
86%
IV Gible
86%
II Gligar
86%
IV Gliscor
86%
I Gyarados
86%
III Lombre
86%
III Lotad
86%
III Ludicolo
86%
III Marshtomp
86%
IV Mega Sceptile
86%
II Quagsire
86%
VII Rowlet
86%
III Salamence
86%
III Swampert
86%
V Swanna
86%
IV Torterra
86%
III Vibrava
86%
II Wooper
86%
VII Alolan Exeggutor
71%
VIII Appletun
71%
IX Applin
71%
VIII Dipplin
71%
VIII Dracovish
71%
VIII Flapple
71%
IV Gastrodon
71%
II Hoppip
71%
IX Hydrapple
71%
II Jumpluff
71%
II Kingdra
71%
IV Palkia
71%
V Palpitoad
71%
III Pelipper
71%
III Rayquaza
71%
V Seismitoad
71%
II Skiploom
71%
IX Toedscool
71%
IX Toedscruel
71%
III Wingull
71%
VI Zygarde
71%
III Barboach
57%
V Landorus
57%
VI Noibat
57%
VI Noivern
57%
IX Ogerpon (Wellspring)
57%
IV Shaymin (Sky)
57%
IX Walking Wake
57%
III Whiscash
57%
VIII Cramorant
43%
II Mantine
43%
IV Mantyke
43%
IX Tatsugiri
43%
IX Mega Feraligatr
29%
No matching quizzes found
Score Distribution
Percent of People with Each Score
Percentile by Number Answered
Your Score History
You have not taken this quiz